000 00338nam a2200145Ia 4500
100 _aJamsa/Kris
942 _cBK
654 _aComputer
245 _aCovers all Releases through DOS 5 Complete Refrence
260 _bOsborne Mc graw Hill
_aCalifornia
_c1991
082 _a1.64
_bPAN
300 _a882
546 _aENGLISH
999 _c22829
_d22829